MARC

LEADER 00000nam0a2200000 4500
001 294735
005 20231102000732.0
020 |a RU  |b 84-14785 
035 |a (RuTPU)RU\TPU\book\319808 
090 |a 294735 
100 |a 20150515d1984 km y0rusy5003 ca 
101 0 |a rus 
102 |a RU 
105 |a y z 001zy 
200 1 |a Политическая система развитого социалистического общества  |f Академия наук СССР (АН СССР), Институт государства и права (ИГП) ; под ред. А. М. Васильева 
210 |a Москва  |c Наука  |d 1984 
215 |a 271 с. 
300 |a Авт. указаны на 6-й с. 
320 |a Библиография в конце глав 
606 1 |a Политическая система  |x Политическая организация общества  |y Российская Федерация  |2 stltpush  |3 (RuTPU)RU\TPU\subj\68709  |9 83875 
610 1 |a советское общество 
610 1 |a развитой социализм 
610 1 |a анализ 
610 1 |a структура 
610 1 |a общенародное государство 
610 1 |a общественные организации 
610 1 |a трудовые книжки 
610 1 |a демократизм 
686 |a Ф3(2)12  |2 rubbk 
702 1 |a Васильев  |b А. М.  |g Андрей Михайлович  |4 340 
712 0 2 |a Академия наук СССР (АН СССР)  |b Институт государства и права (ИГП)  |c (Москва)  |2 stltpush  |3 (RuTPU)RU\TPU\col\11358 
801 0 |a RU  |b RuMRKP  |c 19950704  |g psbo 
801 1 |a RU  |b 63413507  |c 20150515 
801 2 |a RU  |b 63413507  |c 20190201  |g RCR 
942 |c BK